TV svet

Bibliographic Details
New Title:TV svet/TV oko
Other Authors: Kolesárová, Svetlana (Publishing director)
Format: Journal
Language:Slovak
PhysicalDescription:zv. 26-28 cm
Published: Bratislava Petit Press 2006-2015
ISSN:1336-9369
Subjects:

MARC

LEADER 00000cas a2200000 a 4500
001 vtls008773842
003 SK-MaSNL
005 20260228161056.0
008 060616d20062015xo wr|p 0 b0slo
022 |a 1336-9369 
035 |a (SVKBB03)vtls000242293 
040 |a SNK  |b slo  |c SNK  |d SVKBB  |d SNK  |e AACR2 
041 0 |a slo 
044 |a xo  |c SK 
072 7 |a 79  |x Rekreácia. Voľný čas. Zábavy. Hry. Šport  |2 konspekt 
080 |a 7.097  |2 2011 
080 |a 050  |2 2011 
080 |a 379.8(051)  |2 2011 
210 0 |a TV svet  |b (Bratisl.) 
222 0 |a TV svet  |b (Bratislava) 
245 0 0 |a TV svet 
246 1 |i Názov v tiráži:  |a TV svet - týždenník Markiza  |f Č. 14/2010-č. 16/2010 
246 1 3 |a Nový! TV svet  |f Č. 1/2006-č. 7/2010 
260 |a Bratislava  |b Petit Press  |c 2006-2015 
300 |a zv.  |c 26-28 cm 
310 |a 1x týždenne  |b 2013-2015 
321 |a 1x za dva týždne  |b 2006-2012 
362 0 |a Č. 1 (jún 2006)-č. 52 (2013) ; roč. 9, č. 1 (2014)-roč. 10, č. 24 (2015) 
500 |a Do r. 2010 rozmer zv. 28 cm 
500 |a Od r. 2011-2015 rozmer zv. 26 cm 
500 |a Od 2006-č. 8/2010 podnázov: TV program na 14 dní 
500 |a Reg. číslo: MK SR 3581/2006 
500 |a Evidenčné číslo: EV 2225/08 
500 |a Šéfred.: 2006-24/2015, Svetlana Kolesárová 
500 |a Od č. 9/2010-č. 26/2012 podnázov: najlacnejší TV program na 14 dní pre predplatiteľov 
500 |a Na obale názov: TV svet/TV oko od č. 1/2006-č. 2/2006 
500 |a Titul neuvádza ročníky, len od č. 1/2014 do č. 1/2015 je v tiráži uvedený roč. 9 a od. č. 2/2015 do č. 24/2015 roč. 10 
500 |a Časopis TV oko = ISSN 1335-910X sa zlúčil s časopisom TV svet = ISSN 1336-9369 a vznikol: TV svet/TV oko od č. 25/2015 
650 0 7 |a televízne programy  |2 SNKPH  |9 2912 
655 7 |a časopisy pre voľný čas  |2 SNKPH  |9 70337 
700 1 |a Kolesárová, Svetlana  |4 pbd  |9 267929 
785 1 7 |t TV svet/TV oko  |w vtls010861659 
910 |a snk 
999 |c 4236  |d 6166 
952 |0 0  |1 0  |4 0  |7 0  |8 0  |a SNK  |b SNK  |d 2017-05-16  |i snk2017/11342  |l 0  |o snkČSB 6414/2009/2  |p 17A1207318  |r 2026-02-21 19:32:47  |t č. 14-26  |w 2026-02-21  |y PREZ 
952 |0 0  |1 0  |4 0  |7 0  |8 0  |a SNK  |b SNK  |d 2017-05-17  |i snk2017/11405  |l 0  |o snkČSB 6414/2013/1  |p 17A1207311  |r 2026-02-21 20:13:52  |t č. 1-13  |w 2026-02-21  |y PREZ 
952 |0 0  |1 0  |4 0  |7 0  |8 0  |a SNK  |b SNK  |d 2017-05-17  |i snk2017/11407  |l 0  |o snkČSB 6414/2013/2  |p 17A1207310  |r 2026-02-21 20:13:53  |t č. 14-26  |w 2026-02-21  |y PREZ 
952 |0 0  |1 0  |4 0  |7 0  |8 0  |a SNK  |b SNK  |d 2017-05-16  |i snk2017/11341  |l 0  |o snkČSB 6414/2009/1  |p 17A1205968  |r 2026-02-21 20:13:54  |t č. 1-13  |w 2026-02-21  |y PREZ 
952 |0 0  |1 0  |4 0  |7 0  |8 0  |a SNK  |b SNK  |d 2017-05-17  |i snk2017/11410  |l 0  |o snkČSB 6414/9/2014/1  |p 17A1207307  |r 2026-02-21 20:19:07  |t č. 1-18, neúplné  |w 2026-02-21  |y PREZ  |z Chýba č. 3 
952 |0 0  |1 0  |4 0  |7 0  |8 0  |a SNK  |b SNK  |d 2017-05-17  |i snk2017/11411  |l 0  |o snkČSB 6414/9/2014/2  |p 17A1207306  |r 2026-02-21 20:19:07  |t č. 19-35  |w 2026-02-21  |y PREZ 
952 |0 0  |1 0  |4 0  |7 0  |8 0  |a SNK  |b SNK  |d 2017-05-16  |i snk2017/11346  |l 0  |o snkČSB 6414/2010/1  |p 17A1207317  |r 2026-02-21 20:23:54  |t č. 1-13  |w 2026-02-21  |y PREZ 
952 |0 0  |1 0  |4 0  |7 0  |8 0  |a SNK  |b SNK  |d 2017-05-16  |i snk2017/11349  |l 0  |o snkČSB 6414/2010/2  |p 17A1207316  |r 2026-02-21 20:23:54  |t č. 14-26, neúplné  |w 2026-02-21  |y PREZ  |z Chýba č. 19, 22, 23 
952 |0 0  |1 0  |4 0  |7 0  |8 0  |a SNK  |b SNK  |d 2017-05-16  |i snk2017/11354  |l 0  |o snkČSB 6414/2011/1  |p 17A1207315  |r 2026-02-21 20:23:54  |t č. 1-13, neúplné  |w 2026-02-21  |y PREZ  |z Chýba č. 4 
952 |0 0  |1 0  |4 0  |7 0  |8 0  |a SNK  |b SNK  |d 2017-05-16  |i snk2017/11371  |l 0  |o snkČSB 6414/2011/2  |p 17A1207314  |r 2026-02-21 20:26:43  |t č. 14-26  |w 2026-02-21  |y PREZ 
952 |0 0  |1 0  |4 0  |7 0  |8 0  |a SNK  |b SNK  |d 2017-05-17  |i snk2017/11390  |l 0  |o snkČSB 6414/2012/2  |p 17A1207312  |r 2026-02-21 20:40:35  |t č. 14-26  |w 2026-02-21  |y PREZ 
952 |0 0  |1 0  |4 0  |7 0  |8 0  |a SNK  |b SNK  |d 2017-05-17  |i snk2017/11388  |l 0  |o snkČSB 6414/2012/1  |p 17A1207313  |r 2026-02-21 20:41:42  |t č. 1-13  |w 2026-02-21  |y PREZ 
952 |0 0  |1 0  |4 0  |7 0  |8 0  |a SNK  |b SNK  |d 2017-05-18  |i snk2017/11581  |l 0  |o snkČSB 6414/10/2015/1  |p 17A1207304  |r 2026-02-21 22:11:24  |t č. 1-13  |w 2026-02-21  |y PREZ  |z V tiráži v č. 1 je uvedený roč. 9 
952 |0 0  |1 0  |4 0  |7 0  |8 0  |a SNK  |b SNK  |d 2017-05-18  |i snk2017/11592  |l 0  |o snkČSB 6414/10/2015/2  |p 17A1207303  |r 2026-02-21 22:11:24  |t č. 14-24  |w 2026-02-21  |y PREZ  |z Od č. 25 vychádza pod názvom: TV svet/TV oko 
952 |0 0  |1 0  |4 0  |7 0  |8 0  |a SNK  |b SNK  |d 2017-05-16  |i snk2017/11333  |l 0  |o snkČSB 6414/2006  |p 17A1205967  |r 2026-02-21 22:11:24  |t č. 1-15  |w 2026-02-21  |y PREZ  |z Č. 1 vychádza 16. júna 
952 |0 0  |1 0  |4 0  |7 0  |8 0  |a SNK  |b SNK  |d 2017-05-16  |i snk2017/11336  |l 0  |o snkČSB 6414/2007/1  |p 17A1205972  |r 2026-02-21 22:11:24  |t č. 1-13  |w 2026-02-21  |y PREZ 
952 |0 0  |1 0  |4 0  |7 0  |8 0  |a SNK  |b SNK  |d 2017-05-16  |i snk2017/11337  |l 0  |o snkČSB 6414/2007/2  |p 17A1205971  |r 2026-02-21 22:11:27  |t č. 14-26, neúplné  |w 2026-02-21  |y PREZ  |z Chýba č. 21 
952 |0 0  |1 0  |4 0  |7 0  |8 0  |a SNK  |b SNK  |d 2017-05-16  |i snk2017/11339  |l 0  |o snkČSB 6414/2008/1  |p 17A1205970  |r 2026-02-21 22:11:27  |t č. 1-13  |w 2026-02-21  |y PREZ 
952 |0 0  |1 0  |4 0  |7 0  |8 0  |a SNK  |b SNK  |d 2017-05-16  |i snk2017/11340  |l 0  |o snkČSB 6414/2008/2  |p 17A1205969  |r 2026-02-21 22:11:27  |t č. 14-26  |w 2026-02-21  |y PREZ 
952 |0 0  |1 0  |4 0  |7 0  |8 0  |a SNK  |b SNK  |d 2017-05-17  |i snk2017/11408  |l 0  |o snkČSB 6414/2013/3  |p 17A1207309  |r 2026-02-21 22:11:34  |t č. 27-39  |w 2026-02-21  |y PREZ 
952 |0 0  |1 0  |4 0  |7 0  |8 0  |a SNK  |b SNK  |d 2017-05-17  |i snk2017/11409  |l 0  |o snkČSB 6414/2013/4  |p 17A1207308  |r 2026-02-21 22:11:34  |t č. 40-52  |w 2026-02-21  |y PREZ 
952 |0 0  |1 0  |4 0  |7 0  |8 0  |a SNK  |b SNK  |d 2017-05-17  |i snk2017/11412  |l 0  |o snkČSB 6414/9/2014/3  |p 17A1207305  |r 2026-02-21 22:11:34  |t č. 36-52  |w 2026-02-21  |y PREZ